000 00967nam a22002657a 4500
005 20080728125534.0
008 080728t xxu||||| |||| 00| 0 eng d
010 _aENG-90602
020 _a0070669198
_c225.00
035 _aEN-74135
037 _bDBAD / PUB
040 _aDPL
_bENGLISH
082 _a005.73
100 _aKrishnamoorthy, R.
245 _aData structures using C /
_cby R. Krishnamoorthy [and] G. Indirani Kumaravel
260 _aNew Delhi
_bTata McGraw-Hill Publishing
_c2008
300 _ax, 604p.:
_bill.
_c22 cm.(pbk)
500 _aIncludes index
650 _aC (Computer program language)
650 _aData structures (Computer science)
650 _aprogramming language
700 _aKumaravel, G. Indirani
942 _2ddc
_cEN
_h005.73
_mKRI
999 _c14598
_d14598